| 000 | 00475nam a2200181Ia 4500 | ||
|---|---|---|---|
| 005 | 20250326141757.0 | ||
| 008 | 250326s9999 xx 000 0 und d | ||
| 037 | _aTextbook | ||
| 040 |
_aFMSL _beng _cFMSL |
||
| 041 |
_aeng _2eng |
||
| 084 | _qFMSL | ||
| 100 |
_aLevy H _9127576 |
||
| 245 | 0 |
_aPrinciples of ficial management _cLevy H; Sarnat M |
|
| 260 |
_aEnglewood _bEnglewood, Prentice Hall _c1988 |
||
| 300 | _a637p | ||
| 942 | _cTB | ||
| 999 |
_c1291917 _d1291917 |
||